|
|
|
|
| LEADER |
00000naa2a2200000 4500 |
| 001 |
628084 |
| 005 |
20231101133507.0 |
| 035 |
|
|
|a (RuTPU)RU\TPU\conf\28188
|
| 035 |
|
|
|a RU\TPU\conf\28160
|
| 090 |
|
|
|a 628084
|
| 100 |
|
|
|a 20181012d2018 k y0rusy50 ca
|
| 101 |
0 |
|
|a rus
|
| 102 |
|
|
|a RU
|
| 105 |
|
|
|a y z 100zy
|
| 135 |
|
|
|a drcn ---uucaa
|
| 181 |
|
0 |
|a i
|
| 182 |
|
0 |
|a b
|
| 200 |
1 |
|
|a Анализ зависимости допускаемой относительной погрешности массы нетто сырой нефти определяемой при помощи СИКН от массовой доли воды и плотности
|f В. В. Сидельников, Р. К. Айтенов
|g науч. рук. А. Г. Зарубин
|
| 203 |
|
|
|a Текст
|c электронный
|
| 225 |
1 |
|
|a Современные техника и технологии транспортировки и хранения нефти и газа
|
| 230 |
|
|
|a 1 компьютерный файл (pdf; 888 Kb)
|
| 300 |
|
|
|a Заглавие с экрана
|
| 320 |
|
|
|a [Библиогр.: с. 628 (4 назв.)]
|
| 461 |
|
1 |
|0 (RuTPU)RU\TPU\conf\27247
|t Проблемы геологии и освоения недр
|o труды XXII Международного симпозиума имени академика М. А. Усова студентов и молодых ученых, посвященного 155-летию со дня рождения академика В.А. Обручева, 135-летию со дня рождения академика М.А. Усова, основателей Сибирской горно-геологической школы, и 110-летию первого выпуска горных инженеров в Сибири, Томск, 2-7 апреля 2018 г.
|o в 2 т.
|f Национальный исследовательский Томский политехнический университет, Инженерная школа природных ресурсов ; под ред. А. С. Боева
|d 2018
|
| 463 |
|
1 |
|0 (RuTPU)RU\TPU\conf\27249
|t Т. 2
|v [С. 627-628]
|d 2018
|
| 610 |
1 |
|
|a труды учёных ТПУ
|
| 610 |
1 |
|
|a электронный ресурс
|
| 610 |
1 |
|
|a погрешности
|
| 610 |
1 |
|
|a сырые нефти
|
| 610 |
1 |
|
|a системы измерения
|
| 610 |
1 |
|
|a качество
|
| 610 |
1 |
|
|a метрологическое обеспечение
|
| 700 |
|
1 |
|a Сидельников
|b В. В.
|
| 701 |
|
1 |
|a Айтенов
|b Р. К.
|
| 702 |
|
1 |
|a Зарубин
|b А. Г.
|c специалист в области нефтепромыслового оборудования
|c доцент Томского политехнического университета, кандидат химических наук
|f 1978-
|g Алексей Геннадьевич
|2 stltpush
|4 727
|
| 712 |
0 |
2 |
|a Национальный исследовательский Томский политехнический университет
|b Инженерная школа природных ресурсов
|b Отделение нефтегазового дела
|h 8084
|2 stltpush
|3 (RuTPU)RU\TPU\col\23546
|
| 801 |
|
2 |
|a RU
|b 63413507
|c 20181025
|g RCR
|
| 856 |
4 |
|
|u http://earchive.tpu.ru/handle/11683/51164
|
| 942 |
|
|
|c BK
|